| 000 | 00546nam a22001817a 4500 | ||
|---|---|---|---|
| 003 | CEME | ||
| 005 | 20210628210726.0 | ||
| 008 | 210211b xxu||||| |||| 00| 0 eng d | ||
| 022 | _a0-672-31897-0 | ||
| 040 | _c. | ||
| 082 | _a005.44 ROC | ||
| 100 |
_aRockwell, michael crouch, robert moons, jonathan j _980709 |
||
| 245 | _aTeach yourself microsoft windows dna programming in 21 days | ||
| 260 |
_aUSA _bSAMS _c2000 |
||
| 300 | _aXIV,636P | ||
| 650 |
_aMICROSOFT WINDOWS DNA PROGRAMMING DNA PROGRAMMING IN 21 DAYS _980710 |
||
| 942 |
_cBK _2ddc |
||
| 999 |
_c585602 _d585602 |
||